Sistemas de precios y asiganción de recursos (Registro nro. 1075)

Detalles MARC
000 -LEADER
fixed length control field 01490 a2200217 4500
001 - CONTROL NUMBER
control field 22964
005 - DATE AND TIME OF LATEST TRANSACTION
control field 20260407155519.0
008 - FIXED-LENGTH DATA ELEMENTS--GENERAL INFORMATION
fixed length control field 260407a1972 arg spa d
003 - CONTROL NUMBER IDENTIFIER
control field AR-UNSa-BCEJYS
040 ## - CATALOGING SOURCE
Original cataloging agency AR-UNSa-BCEJYS
Language of cataloging spa
Transcribing agency AR-UNSa-BCEJYS
080 ## - UNIVERSAL DECIMAL CLASSIFICATION NUMBER
Universal Decimal Classification number 338.5.01
Common auxiliary subdivision Teorías de los precios<br/>
100 1# - MAIN ENTRY--PERSONAL NAME
Personal name Leftwich, Richard H.
245 10 - TITLE STATEMENT
Title Sistemas de precios y asiganción de recursos
250 ## - EDITION STATEMENT
Edition statement 4a. ed
264 #1 - PRODUCTION, PUBLICATION, DISTRIBUTION, MANUFACTURE, AND COPYRIGHT NOTICE
Place of production, publication, distribution, manufacture México :
Name of producer, publisher, distributor, manufacturer Interamericana
Date of production, publication, distribution, manufacture, or copyright notice 1972
300 ## - PHYSICAL DESCRIPTION
Extent xiv, 367 p.
Dimensions 23 cm.
505 ## - FORMATTED CONTENTS NOTE
Formatted contents note 1. Introducción - 2. Organización de un sistema económico - 3. Demanda, oferta y precio de meracdo en competencia pura - 4. La demanda del consumidor individual: Enfoque de la utilidad - 5. Demanda del consumidor individual: Método de las curvas de indiferencia - 6. Clasificaciones de meracdo y curva de demanda que enfrenta la firma - 7. Los principios de la produución - 8. Costos de producción - 9. Determinación del precio y la producción en competencia pura - 10. Determinación del precio y la producción en monopolio puro - 11. Determinación del precio y de la producción en el oligopolio - 12. Determinación del precio y de la producción en competencia monopolistica - 13. Determinación del precio y empleo de los recursos: monopolio y monopsonio - 15. Asignación de los recursos - 16. Distribución del producto - 17. Equilibrio - 18. Programación lineal.
590 ## - LOCAL NOTE (RLIN)
Local note niveau_biblio:m niveau_hierar:0
700 1# - ADDED ENTRY--PERSONAL NAME
Personal name Givogri, Carlos A.
942 ## - ADDED ENTRY ELEMENTS (KOHA)
Koha item type
Existencias
Withdrawn status Lost status Damaged status Not for loan Home library Current library Shelving location Date acquired Total checkouts Full call number Barcode Date last seen Price effective from Koha item type
        Biblioteca Prof. Eusebio Cleto del Rey Biblioteca Prof. Eusebio Cleto del Rey   07/04/2026   338.5.01 L488 4ed. L26299 07/04/2026 07/04/2026 Libro
        Biblioteca Prof. Eusebio Cleto del Rey Biblioteca Prof. Eusebio Cleto del Rey   07/04/2026   338.5.01 L488 4ed. L26298 07/04/2026 07/04/2026 Libro